01352nam a2200289 a 450000100100000000500170001000800410002704000250006808200180009310000280011124501320013926000380027130000210030959000260033065000560035665000270041265000250043965000240046465100460048870000280053471000770056291000370063995201310067695201160080795201220092399900170104500003125820250501134705.0110615s1982 dr 000 0 spa d aDO-SdBNPbspacBNPHU a304.64bB193M1 aBallweg, John A.95772410aMortalidad Infantil y del niño en la edad pre-escolar vs. regulación de la fecundidad /cJohn A. Ball Weg, Leovigildo Baez. aSanto Domingo :bCONAPOFA,c1982. a150 P. ;c21 cm. aInventariado, 2018/VM 4aMortalidad infanatilzRepública Dominicana957725 0aAnticoncepción 9910 4aControl natal926741 0aDemografía945443 4aRepública DominicanaxPoblación9142312aBaez, Leovigildo9577262 aConsejo Nacional de Población y Familia (República Dominicana)96985 aValidado. Control de calidad MFF 001054708DSaGRbGRcHDd2011-09-21iLF1l0o304.64 B193Mp31258-30r2020-06-25te. 3w2020-06-25yLFDSZPréstamo en sala 0010718PDaPDbPDcHDd2011-06-15iLF1l0o304.64 B193Mp31258-10r2020-06-25w2020-06-25yLFPDZNo se presta 0010718PDaPDbPDcHDd2011-09-21iLF1l0o304.64 B193Mp31258-20r2020-06-25te. 2w2020-06-25yLFPDZNo se presta c30750d30750